4th electronics packaging technology conference (EPTC 2002)

Kaydedildi:
Detaylı Bibliyografya
Materyal Türü: Kitap
Dil:Undetermined
Baskı/Yayın Bilgisi: Singapore IEEE 2002
Konular:
Etiketler: Etiketle
Etiket eklenmemiş, İlk siz ekleyin!
Thư viện lưu trữ: Trung tâm Học liệu Trường Đại học Cần Thơ
LEADER 00468nam a2200157Ia 4500
001 CTU_122352
008 210402s9999 xx 000 0 und d
082 |a 621.381 
082 |b F773 
245 0 |a 4th electronics packaging technology conference (EPTC 2002) 
260 |a Singapore 
260 |b IEEE 
260 |c 2002 
650 |a Electronic packaging,Microelectronics 
650 |x Congresses.,Congresses. 
980 |a Trung tâm Học liệu Trường Đại học Cần Thơ